| 000 | 00621nam a2200217Ia 4500 | ||
|---|---|---|---|
| 003 | BUBTL | ||
| 008 | 151213s9999 xx 000 0 und d | ||
| 082 | _a349.54/ G151l/ 2005 | ||
| 100 |
_aGandhi, B. M. _95260 |
||
| 245 |
_aLandmarks in Indian Legal and Constitution History/ _cB. M. Gandhi |
||
| 250 | _a8th edn. | ||
| 260 |
_aLacknow _bCentral Law Agency _cc2005 |
||
| 300 |
_a[xxxi] , 556p . : _bill . ; 22cm. |
||
| 500 | _aIncludes Index | ||
| 650 |
_aLaw _94124 |
||
| 650 |
_aLaw _94124 |
||
| 700 |
_aB. M. Gandhi _94123 |
||
| 856 |
_k0 _l0 _yDownload |
||
| 942 |
_2ddc _cBK |
||
| 999 |
_c3661 _d3661 |
||